000 00974nam0a2200289 4500
001 RU\NLR\bibl\33309
005 20260405112711.0
010 _a5-7811-0069-5
_920 000
021 _aRU
_b98-40035
_91925
035 _a(NLR Aleph) 000032469
090 _a163724
_c163724
100 _a19990616d1998 |||y0rusy50 ca
101 0 _arus
102 _aRU
105 _ay |||||||||
200 1 _aАзбука и сказки, загадки и подсказки: Энциклопедия для дошкольников
_fАвт.-сост. Н.Л. Вадченко и Н.В. Хаткина
210 _aМ.
_cЛабиринт-К
_d1998
215 _a445 с.
_cил.
_d21
686 _aШ99
702 1 _4220
_8rus
_7ca
_aВадченко
_bН. Л.
_gНина Львовна
_3RU\NLR\auth\7743500
_926443
801 0 _aRU
_bNLR
_c19990616
_gPSBO
801 1 _aRU
_bNLR
_c19990616
852 _aNLR
_j99-3/5437
942 _cBOOK
980 _aNB